zpět

Detail výsledku týmu

Pekelná Husa, Klatovy

Datum a čas kvízu

29 Celkem bodů Celkový počet nahraných bodů na tomto kvízu bez doplňovacích otázek.
8. Pořadí na kvízu Konečné umístění týmu na tomto kvízu.

Zaznamenané odpovědi

# Otázka Odpověď Body Výsledky
1. Návštěvníci Pražského hradu mo... C) včelín 1
2. V nejmenované zemi se odehrála... v Indonésii 1
3. Ve kterém městě začal minulý t... ve Zlíně 1
4. Minulý týden oznámili organizá... v Ženevě 1
5. Minulý týden se dostala do méd... David Limberský 1
6. Kterým výrazem na písmeno M se... mixologie 0
7. Ernest Hemingway měl údajně v... Daiquiri 0
8. Oblíbenou složkou míchaných ná... z pomerančů 0
9. Ve filmu Někdo to rád horké se... Manhattan 0
10. V poslední otázce se podíváme... Semafor 0